Sąsiedzi powiatu bialskiego - Statystyki

Ogólne statystyki
  • Ten quiz został rozwiązany 3 razy
  • Średni wynik to 9 z 10
Statystyki odpowiedzi
Państwo Sąsiad % Poprawnych
Polska powiat {łukowski}
100%
Polska powiat {parczewski}
100%
Polska powiat {radzyński}
100%
Polska powiat {siedlecki}
100%
Polska powiat {siemiatycki}
100%
Polska powiat {włodawski}
100%
Białoruś rejon {brzeski}
100%
Polska miasto {Biała Podlaska}
67%
Polska powiat {łosicki}
67%
Białoruś rejon {kamieniecki}
33%
Nie znaleziono quizów pasujących do podanych kryteriów
Rozkład punktacji
Procent ludzi z każdym wynikiem
Percentyl według liczby udzielonych odpowiedzi
Twoja historia wyników
Nie rozwiązałeś tego quizu